<?xml version="1.0" encoding="UTF-8"?>
<record
    xmlns:xsi="http://www.w3.org/2001/XMLSchema-instance"
    xsi:schemaLocation="http://www.loc.gov/MARC21/slim http://www.loc.gov/standards/marcxml/schema/MARC21slim.xsd"
    xmlns="http://www.loc.gov/MARC21/slim">

  <leader>02275nam a2200265 a 4500</leader>
  <controlfield tag="001">000016958</controlfield>
  <controlfield tag="003">DO-SdBNP</controlfield>
  <controlfield tag="005">20240304145220.0</controlfield>
  <controlfield tag="007">ta</controlfield>
  <controlfield tag="008">100312e2003    dr ad  fr     001 e spa d</controlfield>
  <datafield tag="040" ind1=" " ind2=" ">
    <subfield code="a">DO-SdBNP</subfield>
    <subfield code="b">spa</subfield>
    <subfield code="c">BNPHU</subfield>
  </datafield>
  <datafield tag="082" ind1=" " ind2="4">
    <subfield code="b">L789a</subfield>
    <subfield code="2">22</subfield>
  </datafield>
  <datafield tag="100" ind1="1" ind2=" ">
    <subfield code="a">Liz, Roberto E.</subfield>
    <subfield code="9">37488</subfield>
  </datafield>
  <datafield tag="245" ind1="1" ind2="0">
    <subfield code="a">An&#xE1;lisis econ&#xF3;mico de la educaci&#xF3;n en la Rep&#xFA;blica Dominicana. /</subfield>
    <subfield code="c">Roberto E. Liz, Enrique Ogando B.</subfield>
  </datafield>
  <datafield tag="260" ind1=" " ind2=" ">
    <subfield code="a">Santo Domingo :</subfield>
    <subfield code="b">UNESCO,</subfield>
    <subfield code="c">2003</subfield>
  </datafield>
  <datafield tag="300" ind1=" " ind2=" ">
    <subfield code="a">82 p. :</subfield>
    <subfield code="b">il., gr&#xE1;f. ;</subfield>
    <subfield code="c">28 cm.</subfield>
  </datafield>
  <datafield tag="490" ind1="0" ind2=" ">
    <subfield code="a">Cuaderno de Educaci&#xF3;n B&#xE1;sica Para Todos</subfield>
  </datafield>
  <datafield tag="505" ind1="0" ind2=" ">
    <subfield code="a">Resumen Ejecutivo.</subfield>
    <subfield code="g">Cap&#xED;tulo I.</subfield>
    <subfield code="t">Antecedentes Resumen Lineamientos Plan Desarrollo de la Educaci&#xF3;n Dominicana 2002 - 20012.--</subfield>
    <subfield code="g">Cap&#xED;tulo II.</subfield>
    <subfield code="t">Marco Referencial. a) Contexto Institucional.-- b) Contexto Econ&#xF3;mico.--</subfield>
    <subfield code="g">Cap&#xED;tulo III.</subfield>
    <subfield code="t">El Gasto P&#xFA;blico en la Educaci&#xF3;n Dominicana. a) El Gasto P&#xFA;blico en Educaci&#xF3;n con Relaci&#xF3;n al PBI.- b) El Gasto P&#xFA;blico en Educaci&#xF3;n con Relaci&#xF3;n al Presupuesto Nacional.--  c) El Gasto P&#xFA;blico en Educaci&#xF3;n y el Gasto Social en R. D..--</subfield>
    <subfield code="g">Cap&#xED;tulo IV.</subfield>
    <subfield code="t">Otros Aspectos del Gasto P&#xFA;blico en Educaci&#xF3;n. a) El gasto corriente y el gasto de capital.-- b) Fuentes externas de financiamiento.-- c) Distribuci&#xF3;n del gasto en la SEE.-- d) El fondo de fomento a la educaci&#xF3;n.--</subfield>
    <subfield code="g">Cap&#xED;tulo V.</subfield>
    <subfield code="t">Gastos Totales y Unitarios por Nivel Educativo, G&#xE9;nero y Zona Geogr&#xE1;fica. a) Por Niveles Educativos.-- b) Por G&#xE9;nero y Distribuci&#xF3;n Geogr&#xE1;ficas.-- </subfield>
    <subfield code="g">Cap&#xED;tulo VI.</subfield>
    <subfield code="t">An&#xE1;lisis Comparativo del financiamiento a la Educaci&#xF3;n Privada en la Rep&#xFA;blica Dominicana. a) Comparaci&#xF3;n de la Educaci&#xF3;n P&#xFA;blica en Rep&#xFA;blica Dominicana.-- b) Gastos de la familia en Educaci&#xF3;n Privada.-- c) El financiamiento de la educaci&#xF3;n en la Rep&#xFA;blica Dominicana en el Contexto Internacional.--</subfield>
    <subfield code="g">Cap&#xED;tulo VII.</subfield>
    <subfield code="t">Proyecciones del Financiamiento de la Educaci&#xF3;n en Rep&#xFA;blica Dominicana. a) Escenario no. 1.-- b) Escenario no. 2.--</subfield>
    <subfield code="t">Relaci&#xF3;n de Cuadros.--</subfield>
    <subfield code="t">Relaci&#xF3;n de Gr&#xE1;ficos.</subfield>
  </datafield>
  <datafield tag="590" ind1=" " ind2=" ">
    <subfield code="a">Inventariado 2023 / MF</subfield>
  </datafield>
  <datafield tag="700" ind1="1" ind2=" ">
    <subfield code="a">Ogando B. Enrique</subfield>
    <subfield code="9">37489</subfield>
  </datafield>
  <datafield tag="710" ind1="2" ind2=" ">
    <subfield code="9">19481</subfield>
    <subfield code="a">Secretar&#xED;a de Estado de Educaci&#xF3;n (Rep&#xFA;blica Dominicana)</subfield>
  </datafield>
  <datafield tag="710" ind1="2" ind2=" ">
    <subfield code="a">FLACSO (Organizaci&#xF3;n). </subfield>
    <subfield code="b">Programa Rep&#xFA;blica Dominicana</subfield>
    <subfield code="9">71393</subfield>
  </datafield>
  <datafield tag="910" ind1=" " ind2=" ">
    <subfield code="a">MFeliz</subfield>
  </datafield>
  <datafield tag="942" ind1=" " ind2=" ">
    <subfield code="2">ddc</subfield>
    <subfield code="c">LBS1</subfield>
  </datafield>
  <datafield tag="952" ind1=" " ind2=" ">
    <subfield code="0">0</subfield>
    <subfield code="1">0</subfield>
    <subfield code="2">ddc</subfield>
    <subfield code="5">1</subfield>
    <subfield code="7">0</subfield>
    <subfield code="8">PD</subfield>
    <subfield code="a">BNPHU</subfield>
    <subfield code="b">BNPHU</subfield>
    <subfield code="c">CT</subfield>
    <subfield code="d">2010-03-12</subfield>
    <subfield code="o">L789a</subfield>
    <subfield code="p">16958-10</subfield>
    <subfield code="r">2020-06-25</subfield>
    <subfield code="w">2020-06-25</subfield>
    <subfield code="y">LBS1</subfield>
  </datafield>
  <datafield tag="952" ind1=" " ind2=" ">
    <subfield code="0">0</subfield>
    <subfield code="1">0</subfield>
    <subfield code="2">ddc</subfield>
    <subfield code="5">1</subfield>
    <subfield code="7">0</subfield>
    <subfield code="8">PD</subfield>
    <subfield code="a">BNPHU</subfield>
    <subfield code="b">BNPHU</subfield>
    <subfield code="c">CT</subfield>
    <subfield code="d">2010-03-12</subfield>
    <subfield code="o">L789a</subfield>
    <subfield code="p">16958-20</subfield>
    <subfield code="r">2020-06-25</subfield>
    <subfield code="t">e. 2</subfield>
    <subfield code="w">2020-06-25</subfield>
    <subfield code="y">LBS1</subfield>
  </datafield>
  <datafield tag="952" ind1=" " ind2=" ">
    <subfield code="0">0</subfield>
    <subfield code="1">0</subfield>
    <subfield code="2">ddc</subfield>
    <subfield code="5">6</subfield>
    <subfield code="7">0</subfield>
    <subfield code="8">DS</subfield>
    <subfield code="a">BNPHU</subfield>
    <subfield code="b">BNPHU</subfield>
    <subfield code="c">HD</subfield>
    <subfield code="d">2022-04-20</subfield>
    <subfield code="e">Donado por FLACSO</subfield>
    <subfield code="l">0</subfield>
    <subfield code="o">L789a</subfield>
    <subfield code="p">2023-0158</subfield>
    <subfield code="r">2023-01-16</subfield>
    <subfield code="t">e.3</subfield>
    <subfield code="w">2023-01-16</subfield>
    <subfield code="y">LBS1</subfield>
  </datafield>
  <datafield tag="952" ind1=" " ind2=" ">
    <subfield code="0">0</subfield>
    <subfield code="1">0</subfield>
    <subfield code="2">ddc</subfield>
    <subfield code="5">6</subfield>
    <subfield code="7">0</subfield>
    <subfield code="8">DS</subfield>
    <subfield code="a">BNPHU</subfield>
    <subfield code="b">BNPHU</subfield>
    <subfield code="c">HD</subfield>
    <subfield code="d">2022-04-20</subfield>
    <subfield code="e">Donado por FLACSO</subfield>
    <subfield code="l">0</subfield>
    <subfield code="o">L789a</subfield>
    <subfield code="p">2023-0159</subfield>
    <subfield code="r">2023-01-16</subfield>
    <subfield code="t">e.4</subfield>
    <subfield code="w">2023-01-16</subfield>
    <subfield code="y">LBS1</subfield>
  </datafield>
  <datafield tag="952" ind1=" " ind2=" ">
    <subfield code="0">0</subfield>
    <subfield code="1">0</subfield>
    <subfield code="2">ddc</subfield>
    <subfield code="5">6</subfield>
    <subfield code="7">0</subfield>
    <subfield code="8">DS</subfield>
    <subfield code="a">BNPHU</subfield>
    <subfield code="b">BNPHU</subfield>
    <subfield code="c">HD</subfield>
    <subfield code="d">2022-04-20</subfield>
    <subfield code="e">Donado por FLACSO</subfield>
    <subfield code="l">0</subfield>
    <subfield code="o">L789a</subfield>
    <subfield code="p">2023-0160</subfield>
    <subfield code="r">2023-01-16</subfield>
    <subfield code="t">e.4</subfield>
    <subfield code="w">2023-01-16</subfield>
    <subfield code="y">LBS1</subfield>
  </datafield>
  <datafield tag="999" ind1=" " ind2=" ">
    <subfield code="c">16490</subfield>
    <subfield code="d">16490</subfield>
  </datafield>
</record>
